[Event "Oberliga Ost-B 2324"]
[Site "Germany"]
[Date "2024.02.25"]
[Round "7.7"]
[White "Duzy, Stefan"]
[Black "Kleschtschow, Juri"]
[Result "0-1"]
[WhiteElo "1952"]
[BlackElo "2110"]
[PlyCount "126"]
[EventDate "2023.10.22"]
[EventType "team-tourn"]
[EventRounds "11"]
[EventCountry "GER"]
[SourceTitle "EXT 2025"]
[Source "ChessBase"]
[SourceDate "2024.10.14"]
[SourceVersion "1"]
[SourceVersionDate "2024.10.14"]
[SourceQuality "1"]
[WhiteTeam "Erfurt SK II"]
[BlackTeam "Schoeneck"]
[WhiteTeamCountry "GER"]
[BlackTeamCountry "GER"]

1. e4 e5 2. Nf3 Nf6 3. Nxe5 d6 4. Nf3 Nxe4 5. d3 Nf6 6. d4 Bf5 7. Be2 h6 8. 0-0 Be7 9. c4 0-0 10. Qb3 Qc8 11. Nc3 c6 12. Re1 Re8 13. Bf4 g5 14. Be3 Nbd7 15. Qd1 Nf8 16. Bd3 Ng6 17. Qc2 Bxd3 18. Qxd3 Bf8 19. Bd2 Qd7 20. Rxe8 Rxe8 21. Re1 Bg7 22. Rxe8+ Nxe8 23. Ne2 d5 24. c5 Qe6 25. Ng3 Ne7 26. h4 f6 27. Qb3 Qd7 28. Qe3 Kf7 29. hxg5 hxg5 30. Qd3 Kg8 31. b4 a6 32. Qe2 Nc7 33. a4 Ne6 34. Qd3 Nf8 35. Qe2 Kf7 36. Kf1 Nf5 37. Nxf5 Qxf5 38. g4 Qe6 39. Ne1 Qxe2+ 40. Kxe2 Ne6 41. Kd3 f5 42. gxf5 Nxd4 43. Bxg5 Nxf5 44. Nf3 Ke6 45. Nd2 a5 46. Nb3 axb4 47. Bd2 Kd7 48. Bxb4 Be5 49. Bd2 Bc7 50. Ba5 Bxa5 51. Nxa5 Kc7 52. Nb3 b6 53. cxb6+ Kxb6 54. a5+ Kb5 55. Nd4+ Nxd4 56. Kxd4 Kxa5 57. Kc5 Ka6 58. Kxc6 d4 59. f4 d3 60. f5 d2 61. Kd6 d1Q+ 62. Ke7 Qe2+ 63. Kf7 Qh5+ 0-1

[Event "Oberliga Ost-B 2223"]
[Site "Germany"]
[Date "2022.10.22"]
[Round "2.8"]
[White "Vechorkin, Alexej"]
[Black "Kleschtschow, Juri"]
[Result "1/2-1/2"]
[WhiteElo "2084"]
[BlackElo "2104"]
[PlyCount "96"]
[EventDate "2022.09.18"]
[EventType "team-tourn"]
[EventRounds "11"]
[EventCountry "GER"]
[SourceTitle "EXT 2025"]
[Source "ChessBase"]
[SourceDate "2024.10.14"]
[SourceVersion "1"]
[SourceVersionDate "2024.10.14"]
[SourceQuality "1"]
[WhiteTeam "Heusenstamm"]
[BlackTeam "Schoeneck"]
[WhiteTeamCountry "GER"]
[BlackTeamCountry "GER"]

1. d4 Nf6 2. Nf3 g6 3. Bg5 Bg7 4. Nbd2 d5 5. c3 Nbd7 6. g3 h6 7. Bxf6 exf6 8. Bg2 0-0 9. 0-0 f5 10. c4 dxc4 11. Nxc4 Nb6 12. Nce5 Re8 13. e3 Be6 14. Rc1 Bd5 15. h4 h5 16. Nd3 c6 17. b3 Nc8 18. Nf4 Be4 19. Re1 Bf8 20. Ng5 Bxg2 21. Kxg2 Be7 22. Nf3 Nb6 23. Ne5 Bd6 24. Ned3 Kg7 25. Qf3 Qe7 26. Nc5 Bxc5 27. Rxc5 Qe4 28. Rec1 Nd7 29. R5c2 Nf6 30. Rc5 Qxf3+ 31. Kxf3 Ne4 32. R5c2 Rad8 33. b4 Rd7 34. a4 a6 35. Nd3 f6 36. Nc5 Nxc5 37. bxc5 Kf7 38. Rb2 Ree7 39. Rh1 Ke8 40. a5 Kd8 41. Rd2 Rd5 42. Ke2 Ke8 43. Kd3 Kf7 44. Rc2 Rd8 45. Rb2 Kg7 46. Kc4 Rdd7 47. Rb3 Kh6 48. Rd3 g5 1/2-1/2

[Event "Hessenliga 0809"]
[Site "Germany"]
[Date "2009.03.08"]
[Round "9.5"]
[White "Kleschtschow, Juri"]
[Black "Svitek, Volker"]
[Result "1/2-1/2"]
[WhiteElo "2103"]
[BlackElo "2104"]
[PlyCount "116"]
[EventDate "2008.09.14"]
[EventType "team-tourn"]
[EventRounds "9"]
[EventCountry "GER"]
[SourceTitle "EXT 2011"]
[Source "ChessBase"]
[SourceDate "2010.11.26"]
[SourceVersion "1"]
[SourceVersionDate "2010.11.26"]
[SourceQuality "1"]
[WhiteTeam "Schoeneck II"]
[BlackTeam "Frankfurt West"]
[WhiteTeamCountry "GER"]
[BlackTeamCountry "GER"]

1. d4 d5 2. Nf3 Nf6 3. g3 e6 4. Bg2 Be7 5. 0-0 0-0 6. c4 Ne4 7. Nc3 c6 8. Qc2 f5 9. Ne5 Nd7 10. Nxd7 Bxd7 11. f3 Nd6 12. c5 Nf7 13. f4 g5 14. Nd1 Kg7 15. Nf2 g4 16. Bd2 h5 17. Rfb1 h4 18. Nd3 Rh8 19. Be1 Bf6 20. e3 Qg8 21. Qd2 Qh7 22. Qb4 Bc8 23. Ne5 Nxe5 24. dxe5 Be7 25. Qa5 Bd8 26. Qb4 hxg3 27. Bxg3 Bh4 28. Kf2 Be7 29. Qa5 Bd8 30. Qc3 Qg8 31. b4 Bd7 32. a4 Qe8 33. a5 Rh7 34. Qc2 Qh8 35. Rh1 Bc7 36. Ke2 Rg8 37. Kd3 Kf7 38. Kd4 Rg6 39. Qa2 Rgh6 40. Rag1 Qb8 41. Rb1 Bd8 42. Kd3 Bh4 43. Ke2 a6 44. Qa1 Qh8 45. Kf2 Be7 46. Qd4 Be8 47. Rbc1 Bh4 48. Qa1 Bd8 49. Qd4 Be7 50. Qa1 Bh4 51. Rcd1 Kg6 52. Rde1 Kf7 53. Rd1 Be7 54. Qd4 Bh4 55. Rhg1 Be7 56. Rh1 Bh4 57. Rhg1 Be7 58. Rh1 Bh4 1/2-1/2

[Event "Oberliga Ost-B 0708"]
[Site "Germany"]
[Date "2008.03.09"]
[Round "8.4"]
[White "Kopp, Peter"]
[Black "Kleschtschow, Juri"]
[Result "1-0"]
[WhiteElo "2184"]
[BlackElo "2109"]
[PlyCount "91"]
[EventDate "2007.10.07"]
[EventType "team-tourn"]
[EventRounds "11"]
[EventCountry "GER"]
[SourceTitle "EXT 2009"]
[Source "ChessBase"]
[SourceDate "2008.11.26"]
[SourceVersion "1"]
[SourceVersionDate "2008.11.26"]
[SourceQuality "1"]
[WhiteTeam "Hofheim II"]
[BlackTeam "Schoeneck II"]
[WhiteTeamCountry "GER"]
[BlackTeamCountry "GER"]

1. e4 g6 2. d3 Bg7 3. g3 b6 4. Bg2 Bb7 5. Ne2 d5 6. Nd2 e6 7. 0-0 Ne7 8. c3 Nd7 9. Qc2 0-0 10. f4 dxe4 11. dxe4 Ba6 12. Nb3 c5 13. Be3 Qc7 14. Rad1 Rad8 15. Rd2 Nf6 16. Bf3 Rxd2 17. Nxd2 Rd8 18. c4 Nc6 19. e5 Ne8 20. Qe4 Bb7 21. Nc3 Ba8 22. Qb1 f6 23. exf6 Nxf6 24. Nde4 Nxe4 25. Bxe4 Nd4 26. Bxa8 Rxa8 27. Qe4 Qc6 28. Kg2 Rd8 29. Rd1 Qxe4+ 30. Nxe4 h6 31. b3 Kf7 32. Nc3 Ke7 33. Bxd4 Rxd4 34. Rxd4 cxd4 35. Nb5 a6 36. Nc7 Kd7 37. Nxa6 d3 38. Kf3 Bc3 39. a3 d2 40. Ke2 Bb2 41. Nb4 Bd4 42. Nd3 Bg1 43. Ne5+ Kd6 44. Nf3 Be3 45. Nxd2 Bc5 46. Ne4+ 1-0

[Event "Oberliga Ost-B 0708"]
[Site "Germany"]
[Date "2008.01.20"]
[Round "7.5"]
[White "Regis, Georg"]
[Black "Kleschtschow, Juri"]
[Result "0-1"]
[WhiteElo "2149"]
[BlackElo "2109"]
[PlyCount "114"]
[EventDate "2007.10.07"]
[EventType "team-tourn"]
[EventRounds "11"]
[EventCountry "GER"]
[SourceTitle "EXT 2009"]
[Source "ChessBase"]
[SourceDate "2008.11.26"]
[SourceVersion "1"]
[SourceVersionDate "2008.11.26"]
[SourceQuality "1"]
[WhiteTeam "Dotzheim"]
[BlackTeam "Schoeneck II"]
[WhiteTeamCountry "GER"]
[BlackTeamCountry "GER"]

1. d4 Nf6 2. Nf3 b6 3. g3 Bb7 4. Bg2 e6 5. 0-0 Be7 6. c4 d6 7. b3 Nbd7 8. Bb2 0-0 9. Nc3 Ne4 10. d5 Nxc3 11. Bxc3 e5 12. e4 f5 13. exf5 Rxf5 14. Bh3 Rf8 15. Nh4 Bxh4 16. gxh4 Nc5 17. h5 Bc8 18. Bg2 Qh4 19. Be1 Qg4 20. b4 Nb7 21. Qxg4 Bxg4 22. h6 Be2 23. hxg7 Kxg7 24. Bd2 Bxf1 25. Rxf1 a5 26. a3 axb4 27. axb4 Ra2 28. Rd1 Nd8 29. Be4 Rg8 30. Kh1 Nf7 31. h4 Nh8 32. h5 Nf7 33. Bf5 h6 34. Be6 Kf6 35. f4 Rg7 36. fxe5+ Nxe5 37. Bc3 Ke7 38. Bxe5 dxe5 39. Bh3 Kd6 40. Rf1 Ke7 41. Rf5 Rg5 42. Rxg5 hxg5 43. c5 bxc5 44. bxc5 Rd2 45. d6+ cxd6 46. c6 Rc2 47. h6 Kf6 48. Bd7 Rc3 49. Be8 Rc2 50. Kg1 g4 51. Bd7 g3 52. Kf1 d5 53. Kg1 d4 54. h7 Kg7 55. Bf5 Rxc6 56. Kg2 Rc3 57. Be4 Re3 0-1

[Event "Oberliga Ost-B 0708"]
[Site "Germany"]
[Date "2007.10.07"]
[Round "1.5"]
[White "Kleschtschow, Juri"]
[Black "Weise, Martin"]
[Result "0-1"]
[WhiteElo "2109"]
[BlackElo "2152"]
[PlyCount "54"]
[EventDate "2007.10.07"]
[EventType "team-tourn"]
[EventRounds "11"]
[EventCountry "GER"]
[SourceTitle "EXT 2009"]
[Source "ChessBase"]
[SourceDate "2008.11.26"]
[SourceVersion "1"]
[SourceVersionDate "2008.11.26"]
[SourceQuality "1"]
[WhiteTeam "Schoeneck II"]
[BlackTeam "Hungen Lich"]
[WhiteTeamCountry "GER"]
[BlackTeamCountry "GER"]

1. d4 d5 2. Nf3 Nc6 3. Bf4 Bg4 4. e3 e6 5. Be2 Bd6 6. Bg3 Nge7 7. Nbd2 Nf5 8. a3 0-0 9. Bxd6 cxd6 10. h3 Bxf3 11. Nxf3 Qf6 12. Qd2 Rfc8 13. 0-0-0 Qd8 14. g4 Na5 15. Kb1 Ne7 16. h4 Nc4 17. Qc1 b5 18. b3 Rab8 19. Ka2 Qa5 20. c3 b4 21. cxb4 Rxb4 22. Bd3 Rb7 23. bxc4 dxc4 24. Bxh7+ Kf8 25. Bc2 c3 26. Bb3 Rcb8 27. Qc2 Nd5 0-1

[Event "Oberliga Ost-A 0304"]
[Site "Germany"]
[Date "2004.03.28"]
[Round "9.8"]
[White "Kleschtschow, Juri"]
[Black "Held, Marco"]
[Result "1/2-1/2"]
[WhiteElo "2126"]
[BlackElo "2034"]
[PlyCount "68"]
[EventDate "2003.11.02"]
[EventType "team-tourn"]
[EventRounds "11"]
[EventCountry "GER"]
[SourceTitle "EXT 2005"]
[Source "ChessBase"]
[SourceDate "2004.11.15"]
[SourceVersion "1"]
[SourceVersionDate "2004.11.15"]
[SourceQuality "1"]
[WhiteTeam "Halle USV II"]
[BlackTeam "Dresden SC II"]
[WhiteTeamCountry "GER"]
[BlackTeamCountry "GER"]

1. Nf3 Nf6 2. g3 g6 3. Bg2 Bg7 4. 0-0 0-0 5. c4 d5 6. cxd5 Nxd5 7. Nc3 Nxc3 8. bxc3 c5 9. Rb1 Qc7 10. Qc2 Rd8 11. d3 Nc6 12. Nd2 Rb8 13. Ne4 b6 14. Bf4 e5 15. Bg5 Ne7 16. c4 h6 17. Bxe7 Qxe7 18. Nc3 Be6 19. Qa4 Bg4 20. Rfe1 Bc8 21. Bc6 a6 22. Nd5 Qa7 23. Nc3 Bd7 24. Bxd7 Rxd7 25. Nd5 b5 26. Qa5 Rdb7 27. e4 Bf8 28. Qd2 bxc4 29. Rxb7 Qxb7 30. dxc4 Qb2 31. Rd1 Qd4 32. Nf6+ Kg7 33. Ng4 Kg8 34. Nf6+ Kg7 1/2-1/2

[Event "Oberliga Ost-A 0304"]
[Site "Germany"]
[Date "2003.11.23"]
[Round "3.8"]
[White "Schultz, Andreas"]
[Black "Kleschtschow, Juri"]
[Result "1-0"]
[WhiteElo "2185"]
[BlackElo "2126"]
[PlyCount "133"]
[EventDate "2003.11.02"]
[EventType "team-tourn"]
[EventRounds "11"]
[EventCountry "GER"]
[SourceTitle "EXT 2005"]
[Source "ChessBase"]
[SourceDate "2004.11.15"]
[SourceVersion "1"]
[SourceVersionDate "2004.11.15"]
[SourceQuality "1"]
[WhiteTeam "Leipzig Lok"]
[BlackTeam "Halle USV II"]
[WhiteTeamCountry "GER"]
[BlackTeamCountry "GER"]

1. d4 Nf6 2. c4 c5 3. d5 b5 4. cxb5 a6 5. bxa6 Bxa6 6. Nc3 d6 7. Nf3 g6 8. g3 Bg7 9. Bg2 0-0 10. 0-0 Qb6 11. Rb1 Nfd7 12. Bd2 Ne5 13. Nxe5 Bxe5 14. Re1 Bc8 15. e4 Na6 16. a3 Bd7 17. b3 Nc7 18. a4 Bd4 19. Ne2 Bg4 20. Qc1 Bxe2 21. Rxe2 Rfb8 22. Qc4 Qa6 23. Qxa6 Nxa6 24. Ree1 Nb4 25. Bxb4 Rxb4 26. Bf1 Kg7 27. Bb5 Bc3 28. Rec1 Bd4 29. Rc4 Rxc4 30. Bxc4 Kf6 31. Kf1 Ke5 32. f3 Bc3 33. Ke2 Rf8 34. Rc1 Bb4 35. Kd3 Rd8 36. Rc2 Kf6 37. Re2 Ba5 38. f4 Kg7 39. e5 e6 40. Ke4 exd5+ 41. Bxd5 dxe5 42. fxe5 f5+ 43. exf6+ Kxf6 44. Rf2+ Kg5 45. Rc2 Bb4 46. Ke5 h5 47. Rc4 Re8+ 48. Be6 Rd8 49. Bd5 Re8+ 50. Kd6 Rd8+ 51. Kc6 Kf5 52. Re4 g5 53. Re2 Rh8 54. Kb6 Rh6+ 55. Kb5 Rd6 56. Bc4 Rd8 57. Re6 h4 58. gxh4 gxh4 59. a5 Rb8+ 60. Rb6 Re8 61. a6 Bd2 62. a7 Bf4 63. Bd5 Bxh2 64. a8Q Rxa8 65. Bxa8 Bg1 66. Rc6 h3 67. Rxc5+ 1-0

[Event "Oberliga Ost-A 0102"]
[Site "Germany"]
[Date "2001.11.10"]
[Round "2.8"]
[White "Baer, Soeren"]
[Black "Kleschtschow, Juri"]
[Result "0-1"]
[WhiteElo "2013"]
[BlackElo "2151"]
[PlyCount "64"]
[EventDate "2001.10.07"]
[EventType "team-tourn"]
[EventRounds "11"]
[EventCountry "GER"]
[SourceTitle "EXT 2003"]
[Source "ChessBase"]
[SourceDate "2002.11.25"]
[SourceVersion "1"]
[SourceVersionDate "2002.11.25"]
[SourceQuality "1"]
[WhiteTeam "Leipzig Lok Mitte II"]
[BlackTeam "Halle"]
[WhiteTeamCountry "GER"]
[BlackTeamCountry "GER"]

1. Nf3 g6 2. c4 c5 3. Nc3 Bg7 4. d4 cxd4 5. Nxd4 Nc6 6. Nc2 Nf6 7. g3 0-0 8. Bg2 d6 9. 0-0 Be6 10. b3 Qd7 11. Re1 Bh3 12. Bh1 Ng4 13. Bb2 Qf5 14. f3 Qxc2 15. Qxc2 Bd4+ 16. e3 Nxe3 17. Qf2 Nc2 18. Qxd4 N6xd4 19. Nd5 e5 20. f4 Nxe1 21. Rxe1 f6 22. Ne7+ Kg7 23. Bxb7 Rae8 24. Bh1 Nc2 25. Re2 Nb4 26. Nd5 Nxd5 27. Bxd5 exf4 28. Rxe8 Rxe8 29. Kf2 Bg4 30. Ba3 Re2+ 31. Kg1 f3 32. Kf1 Rxa2 0-1

[Event "Oberliga Ost-A 9900"]
[Site "Germany"]
[Date "2000.04.09"]
[Round "11.6"]
[White "Kleschtschow, Juri"]
[Black "Merker, Matthias"]
[Result "1/2-1/2"]
[WhiteElo "2135"]
[BlackElo "2133"]
[PlyCount "29"]
[EventDate "1999.10.??"]
[EventType "team-tourn"]
[EventRounds "11"]
[EventCountry "GER"]
[SourceTitle "EXT 2002"]
[Source "ChessBase"]
[SourceDate "2001.11.25"]
[SourceVersion "1"]
[SourceVersionDate "2001.11.25"]
[SourceQuality "1"]

1. d4 Nf6 2. Nf3 e6 3. g3 d5 4. Bg2 Be7 5. 0-0 0-0 6. c4 c6 7. Nbd2 Nbd7 8. b3 b6 9. Bb2 Bb7 10. Ne5 c5 11. cxd5 exd5 12. Ndf3 Rc8 13. Bh3 Rc7 14. Rc1 h6 15. Qc2 1/2-1/2

[Event "Oberliga Ost-A 9900"]
[Site "Germany"]
[Date "2000.01.30"]
[Round "7.6"]
[White "Kleschtschow, Juri"]
[Black "Wiechert, Hans"]
[Result "1/2-1/2"]
[WhiteElo "2135"]
[BlackElo "2155"]
[PlyCount "123"]
[EventDate "1999.10.??"]
[EventType "team-tourn"]
[EventRounds "11"]
[EventCountry "GER"]
[SourceTitle "EXT 2002"]
[Source "ChessBase"]
[SourceDate "2001.11.25"]
[SourceVersion "1"]
[SourceVersionDate "2001.11.25"]
[SourceQuality "1"]

1. d4 Nf6 2. Nf3 e6 3. g3 c5 4. Bg2 Qa5+ 5. Nbd2 cxd4 6. Nxd4 Nc6 7. N4b3 Qd8 8. 0-0 d5 9. c4 Be7 10. cxd5 Nxd5 11. Nc4 0-0 12. e4 Ndb4 13. Qe2 Qd3 14. Qxd3 Nxd3 15. Rd1 Nxc1 16. Raxc1 e5 17. f4 Bg4 18. Rd2 Bb4 19. Rf2 exf4 20. gxf4 Be6 21. a3 Be7 22. e5 Rad8 23. Nca5 Bh4 24. Re2 Bg4 25. Nxc6 Bxe2 26. Nxd8 Rxd8 27. Bxb7 Bg4 28. Be4 Rb8 29. Bd5 Rd8 30. Be4 g6 31. Kg2 h5 32. Kg1 Bd1 33. Bc2 Bf3 34. Rf1 Be2 35. Rc1 g5 36. f5 g4 37. f6 Bg5 38. Re1 Be3+ 39. Kg2 Bf3+ 40. Kf1 Bf4 41. Kg1 h4 42. Bf5 h3 43. e6 fxe6 44. Bxe6+ Kf8 45. Nc5 g3 46. hxg3 Bxg3 47. Bxh3 Bxe1 48. Ne6+ Kf7 49. Nxd8+ Kxf6 50. Bg2 Be2 51. Nc6 a6 52. Bf1 Bf3 53. Nd4 Bb7 54. Bg2 Bc8 55. Kf1 Bg3 56. Ke2 Ke5 57. Kd3 Bf2 58. Nf3+ Kd6 59. Nd2 Bh4 60. Be4 Kc5 61. Nb3+ Kb6 62. Nd4 1/2-1/2

[Event "Oberliga Ost-B 9899"]
[Site "Germany"]
[Date "1998.??.??"]
[Round "?"]
[White "Tennstedt, Andreas"]
[Black "Kleschtschow, Juri"]
[Result "1/2-1/2"]
[WhiteElo "2210"]
[BlackElo "2115"]
[PlyCount "85"]
[EventDate "1998.10.??"]
[EventType "team-tourn"]
[EventRounds "11"]
[EventCountry "GER"]
[SourceTitle "EXT 2000"]
[Source "ChessBase"]
[SourceDate "1999.11.16"]
[SourceVersion "1"]
[SourceVersionDate "1999.11.16"]
[SourceQuality "1"]

1. c4 g6 2. Nc3 Bg7 3. d4 d6 4. e4 Nc6 5. Be3 e5 6. d5 Nce7 7. g4 f6 8. Bd3 Bh6 9. Bxh6 Nxh6 10. h3 Nf7 11. Qf3 Ng8 12. Nge2 Bd7 13. Ng3 Qe7 14. Qe3 Qf8 15. Kd2 Qh6 16. b4 Qxe3+ 17. Kxe3 Ne7 18. c5 0-0 19. Bb5 Bxb5 20. Nxb5 Rfc8 21. Rhd1 a6 22. Nc3 b6 23. Nge2 Rab8 24. c6 g5 25. Ng3 Nh8 26. Nf5 Nhg6 27. Nxe7+ Nxe7 28. Ne2 Ng6 29. Ng3 Kf7 30. Nh5 Rh8 31. Rab1 Nf4 32. Rh1 Nxh5 33. gxh5 Kg7 34. Kf3 Kh6 35. Kg4 Rhf8 36. Rhe1 Rf7 37. Rb3 f5+ 38. exf5 Rbf8 39. Rf3 Rf6 40. Re2 Re8 41. Re4 Ref8 42. Re1 Re8 43. Re4 1/2-1/2

[Event "BL2-Ost 9697"]
[Site "Germany"]
[Date "1997.??.??"]
[Round "?.6"]
[White "Grafe, Wilhelm"]
[Black "Kleschtschow, Juri"]
[Result "1/2-1/2"]
[WhiteElo "2195"]
[BlackElo "2120"]
[PlyCount "30"]
[EventDate "1996.10.??"]
[EventType "team-tourn"]
[EventRounds "9"]
[EventCountry "GER"]
[SourceTitle "GER-chT2"]
[Source "ChessBase"]
[SourceDate "1999.07.01"]
[SourceVersion "1"]
[SourceVersionDate "1999.07.01"]
[SourceQuality "1"]
[WhiteTeam "Forchheim"]
[BlackTeam "Halle"]
[WhiteTeamCountry "GER"]
[BlackTeamCountry "GER"]

1. Nf3 g6 2. g3 Bg7 3. d4 c5 4. Bg2 Nf6 5. 0-0 0-0 6. c4 cxd4 7. Nxd4 Nc6 8. Nc3 Qb6 9. e3 d6 10. b3 Bg4 11. f3 Bd7 12. Na4 Qd8 13. Nc3 Qb6 14. Na4 Qd8 15. Nc3 Qb6 1/2-1/2

[Event "BL2-Ost 9697"]
[Site "Germany"]
[Date "1997.??.??"]
[Round "?.6"]
[White "Huemmer, Bernd"]
[Black "Kleschtschow, Juri"]
[Result "1-0"]
[WhiteElo "2255"]
[BlackElo "2120"]
[PlyCount "83"]
[EventDate "1996.10.??"]
[EventType "team-tourn"]
[EventRounds "9"]
[EventCountry "GER"]
[SourceTitle "GER-chT2"]
[Source "ChessBase"]
[SourceDate "1999.07.01"]
[SourceVersion "1"]
[SourceVersionDate "1999.07.01"]
[SourceQuality "1"]
[WhiteTeam "Bamberg"]
[BlackTeam "Halle"]
[WhiteTeamCountry "GER"]
[BlackTeamCountry "GER"]

1. d4 Nf6 2. Nf3 g6 3. Bg5 Ne4 4. Bf4 Bg7 5. c3 d5 6. Nbd2 Nd6 7. e3 c6 8. Bd3 Bf5 9. Bxf5 gxf5 10. Qb3 b6 11. 0-0 e6 12. c4 Bf8 13. Rac1 f6 14. c5 Nb5 15. a4 Nc7 16. cxb6 axb6 17. Qxb6 Bd6 18. Bxd6 Qxd6 19. Nb3 Ke7 20. Nc5 Nd7 21. Qb3 Nxc5 22. dxc5 Qd7 23. Rc3 Rhb8 24. Qc2 Rb4 25. Ra1 Rab8 26. b3 Na6 27. Rc1 Rg8 28. Qd3 Qb7 29. g3 h5 30. Nd4 h4 31. Qe2 hxg3 32. hxg3 Qc8 33. Qh5 Rg7 34. Kg2 Qg8 35. Nxc6+ Kd7 36. Nxb4 Nxb4 37. c6+ Kc7 38. Qh4 Na2 39. Qxf6 Nxc3 40. Rxc3 Kd6 41. Qd4 e5 42. Qb4+ 1-0

[Event "BL2-Ost 9697"]
[Site "Germany"]
[Date "1997.??.??"]
[Round "?.8"]
[White "Kleschtschow, Juri"]
[Black "Orlowski, Juergen"]
[Result "1-0"]
[WhiteElo "2120"]
[BlackElo "2210"]
[PlyCount "73"]
[EventDate "1996.10.??"]
[EventType "team-tourn"]
[EventRounds "9"]
[EventCountry "GER"]
[SourceTitle "GER-chT2"]
[Source "ChessBase"]
[SourceDate "1999.07.01"]
[SourceVersion "1"]
[SourceVersionDate "1999.07.01"]
[SourceQuality "1"]
[WhiteTeam "Halle"]
[BlackTeam "Wuerzburg"]
[WhiteTeamCountry "GER"]
[BlackTeamCountry "GER"]

1. d4 d5 2. Nf3 e6 3. g3 f5 4. Bg2 Nf6 5. c4 c6 6. 0-0 Bd6 7. Bf4 Bxf4 8. gxf4 0-0 9. e3 Nbd7 10. Nc3 Ne4 11. Ne5 Nxe5 12. fxe5 Bd7 13. Ne2 Qa5 14. a3 Qd8 15. f3 Ng5 16. Rc1 Qe7 17. Nf4 Kh8 18. Qe1 a5 19. Kh1 Nf7 20. e4 g5 21. Nh5 dxe4 22. fxe4 f4 23. c5 Be8 24. Nf6 Nd8 25. Bf3 Bg6 26. h4 h6 27. Rg1 Nf7 28. h5 Bh7 29. Qc3 Rfd8 30. Rcd1 Kg7 31. Bg4 Kh8 32. Qc4 Kg7 33. Bxe6 Nh8 34. d5 Rf8 35. d6 Qd8 36. Qd4 a4 37. Rdf1 1-0

[Event "JBLN Ost 9495"]
[Site "Germany"]
[Date "1995.??.??"]
[Round "2"]
[White "Proehl, Holger"]
[Black "Kleschtschow, Juri"]
[Result "1-0"]
[WhiteElo "2350"]
[BlackElo "2120"]
[PlyCount "63"]
[EventDate "1994.??.??"]
[EventType "team-tourn"]
[EventRounds "9"]
[EventCountry "GER"]
[SourceTitle "EXT 2002"]
[Source "ChessBase"]
[SourceDate "2001.11.25"]
[SourceVersion "1"]
[SourceVersionDate "2001.11.25"]
[SourceQuality "1"]

1. e4 c6 2. d4 d5 3. Nd2 dxe4 4. Nxe4 Nf6 5. Ng3 e6 6. Nf3 Bd6 7. Bd3 Nbd7 8. 0-0 Qc7 9. Qe2 0-0 10. Bg5 h6 11. Bxf6 Nxf6 12. c4 Bxg3 13. hxg3 Rd8 14. Rad1 b6 15. Qe5 Qd6 16. a3 Bb7 17. Rfe1 Rd7 18. Qe2 Rad8 19. Ne5 Rc7 20. Bb1 Qf8 21. Qd3 g6 22. Qe3 Kg7 23. b4 Rcc8 24. g4 b5 25. cxb5 cxb5 26. Qd3 Qe8 27. Qd2 Nd5 28. Be4 Ba8 29. Rc1 Qe7 30. Rc2 Qd6 31. Rxc8 Rxc8 32. Qxh6+ 1-0